[Event "39th Olympiad Women"]
[Site "Khanty-Mansiysk RUS"]
[Date "2010.09.29"]
[Round "8"]
[White "Ilhom, Mootribai"]
[Black "Atabayeva, Gozel"]
[Result "1/2-1/2"]
[BlackTitle "WFM"]
[WhiteElo "1639"]
[BlackElo "2116"]
[Board "27.4"]
[WhiteTeam "TJK"]
[BlackTeam "TKM"]
[WhiteFideId "14700204"]
[BlackFideId "14001896"]
[EventDate "2010.09.21"]
[EventType "team"]

1. d4 Nf6 2. c4 g6 3. Nc3 Bg7 4. Bg5 h6 5. Bxf6 Bxf6 6. e3 d6 7. Nf3 O-O 8. Be2
c5 9. Qd2 Bg7 10. O-O Nc6 11. Rac1 Bg4 12. dxc5 dxc5 13. Rfd1 Qxd2 14. Nxd2 Bxe2
15. Nxe2 Nb4 16. Ne4 b6 17. N4c3 Rad8 18. a3 Nc6 19. h3 e6 20. Kf1 Na5 21. Na4
Rxd1+ 22. Rxd1 Nxc4 23. Rd7 Nxb2 24. Rxa7 Nxa4 25. Rxa4 Rd8 26. Ke1 Rb8 27. Rc4
Bf8 28. a4 b5 29. axb5 Rxb5 30. Kd2 f5 31. Nf4 Kf7 32. Nd3 Kf6 33. f4 Ra5 34.
Rc2 Bd6 35. Rc4 g5 36. g3 gxf4 37. gxf4 Ke7 38. Nb2 Kd7 39. Kd3 Kc6 40. Ra4 Rb5
41. Ra6+ Rb6 42. Rxb6+ Kxb6 43. Kc4 Kc6 44. Nd3 h5 45. Nc1 e5 46. fxe5 Bxe5 47.
Nd3 Bd6 48. Nc1 Bf8 49. Ne2 Bd6 50. Nc1 Bh2 51. Nd3 Bg1 52. Nxc5 Bxe3 53. Nd3
Kd6 54. Ne1 Ke5 55. Kd3 Bf2 56. Ng2 f4 57. Ke2 Bg3 58. Kf3 Kf5 59. Nxf4 Bxf4 60.
Kf2 Kg5 61. Kf3 Bc7 62. Kf2 Kh4 63. Kg2 Bd6 64. Kg1 Kxh3 65. Kh1 Kg3 66. Kg1 Be7
67. Kh1 Kf2 68. Kh2 h4 69. Kh1 Bf6 70. Kh2 Be5+ 71. Kh1 Kg3 72. Kg1 h3 73. Kh1
Kg4 74. Kg1 h2+ 75. Kh1 Bg3 76. Kg2 Kh4 77. Kh1 Kh3 1/2-1/2

[Event "39th Olympiad Women"]
[Site "Khanty-Mansiysk RUS"]
[Date "2010.09.29"]
[Round "8"]
[White "Milligan, Helen"]
[Black "Boric, Elena"]
[Result "0-1"]
[WhiteTitle "WFM"]
[BlackTitle "WIM"]
[WhiteElo "2033"]
[BlackElo "2286"]
[Board "28.1"]
[WhiteTeam "NZL"]
[BlackTeam "BIH"]
[WhiteFideId "2401312"]
[BlackFideId "14400839"]
[EventDate "2010.09.21"]
[EventType "team"]

1. e4 Nf6 2. e5 Nd5 3. d4 d6 4. Nf3 Bg4 5. Be2 c6 6. O-O Bxf3 7. Bxf3 dxe5 8.
dxe5 e6 9. c4 Ne7 10. b3 Qxd1 11. Bxd1 Nd7 12. Bb2 O-O-O 13. Bc2 h5 14. Rd1 Nf5
15. Nd2 Be7 16. Ne4 Rhe8 17. Nd6+ Nxd6 18. exd6 Bf6 19. Bxf6 Nxf6 20. b4 Kd7 21.
Kf1 a5 22. Rab1 Ra8 23. b5 Reb8 24. b6 a4 25. Rb4 a3 26. f3 Ra5 27. Rd3 Rba8 28.
Ke2 Ne8 29. Bb3 c5 30. Rb5 Nxd6 31. Rxa5 Rxa5 32. f4 Kc6 33. h3 Nf5 34. g4 hxg4
35. hxg4 Nd4+ 36. Ke3 Kxb6 37. Bd1 Kc7 38. g5 Ra8 39. Ke4 Nf5 40. Bb3 Rh8 41.
Rf3 Rh2 42. Kd3 Nd4 43. Rf1 Rh3+ 44. Kd2 Nxb3+ 45. axb3 Rxb3 46. Kc2 Rb2+ 47.
Kc3 Rg2 48. Kb3 a2 0-1

[Event "39th Olympiad Women"]
[Site "Khanty-Mansiysk RUS"]
[Date "2010.09.29"]
[Round "8"]
[White "Dengler, Dijana"]
[Black "Maroroa, Sue"]
[Result "1/2-1/2"]
[WhiteTitle "WFM"]
[BlackTitle "WIM"]
[WhiteElo "2088"]
[BlackElo "1981"]
[Board "28.2"]
[WhiteTeam "BIH"]
[BlackTeam "NZL"]
[WhiteFideId "14400081"]
[BlackFideId "4301498"]
[EventDate "2010.09.21"]
[EventType "team"]

1. e4 e5 2. Bc4 Nc6 3. Nf3 Bc5 4. c3 Nf6 5. d3 d6 6. Nbd2 O-O 7. O-O a6 8. Bb3
Qe7 9. h3 Ba7 10. Re1 Bd7 11. Nf1 h6 12. Ng3 Be6 13. Nf5 Qd7 14. N3h4 Ne7 15.
Qf3 Ng6 16. Nxh6+ Kh7 17. N6f5 Nxh4 18. Nxh4 Rh8 19. Bg5 Ne8 20. Nf5 f6 21. Be3
Bxb3 22. axb3 Bxe3 23. Rxe3 g6 24. Ng3 Qf7 25. b4 Ng7 26. Qd1 Ne6 27. d4 Rad8
28. Ra5 Kg7 29. b5 axb5 30. Rxb5 b6 31. Rb4 Ra8 32. Ra4 Nf4 33. Qa1 Rxa4 34.
Qxa4 Qe8 35. Qc4 Qd7 36. Ne2 Nxe2+ 37. Rxe2 Ra8 38. Re1 Ra4 39. Qd3 Qc6 40. d5
Qc4 41. Qxc4 Rxc4 42. f3 Ra4 43. Kf2 Kf7 44. Ke3 Ra2 45. Re2 Ke7 46. h4 Ra1 47.
g3 Rg1 48. Kf2 Rd1 49. g4 Kf7 50. Kg3 Rg1+ 51. Rg2 Rh1 52. Rh2 Rg1+ 53. Kf2 Rb1
54. Ke3 Re1+ 55. Kd3 Rf1 56. Rh3 Rf2 57. b3 Rb2 58. Kc4 Kg7 59. b4 Rc2 60. Kb3
Rc1 61. Rh2 Rb1+ 62. Kc4 Rc1 63. Ra2 b5+ 64. Kd3 Rf1 65. Ra7 Rxf3+ 66. Kd2 Rf2+
67. Ke3 Rh2 68. Rxc7+ Kh6 69. h5 gxh5 70. gxh5 Rh3+ 71. Kd2 Rh2+ 72. Kd3 Rh3+
73. Kd2 Rh2+ 74. Kd3 Rh3+ 75. Kd2 Kg5 1/2-1/2

[Event "39th Olympiad Women"]
[Site "Khanty-Mansiysk RUS"]
[Date "2010.09.29"]
[Round "8"]
[White "Chen, Eachen"]
[Black "Dedijer, Sanja"]
[Result "1/2-1/2"]
[WhiteTitle "WCM"]
[WhiteElo "1966"]
[BlackElo "2055"]
[Board "28.3"]
[WhiteTeam "NZL"]
[BlackTeam "BIH"]
[WhiteFideId "4301919"]
[BlackFideId "14401878"]
[EventDate "2010.09.21"]
[EventType "team"]

1. e4 e5 2. Nf3 Nc6 3. Bc4 Bc5 4. c3 Nf6 5. d3 d6 6. Bb3 O-O 7. O-O Be6 8. Nbd2
d5 9. h3 h6 10. Qe2 Re8 11. Rd1 Nh5 12. Nf1 Nf4 13. Bxf4 exf4 14. Qc2 Qf6 15.
exd5 Bxh3 16. gxh3 Ne5 17. Nxe5 Rxe5 18. d4 Rh5 19. Qe4 Bd6 20. Qf3 Qh4 21. Nh2
f5 22. Bc2 Rf8 23. Kf1 g5 24. Ng4 fxg4 25. hxg4 Qh1+ 26. Qxh1 Rxh1+ 27. Kg2 Rxd1
28. Bxd1 Re8 29. Bf3 b6 30. Kf1 Kf7 31. Re1 Rxe1+ 32. Kxe1 a5 33. Ke2 Kf6 34.
Kd3 Bf8 35. Kc4 Ke7 36. Kb5 Kd7 37. a3 Bg7 38. b4 axb4 39. axb4 Bf8 40. Kc4 Ke7
41. Kd3 Kf6 42. Ke4 Bd6 43. Be2 Bf8 44. d6 Bxd6 45. Kd5 Ke7 46. Kc6 Kd8 47. Bd3
Bf8 48. Bf5 Bd6 49. Kd5 Bf8 50. f3 Ke7 51. Kc6 Kd8 52. b5 Ba3 53. c4 Bb2 54. Kd5
Bc1 55. c5 Be3 56. cxb6 cxb6 57. Ke5 Kc7 58. d5 Bc5 59. Ke6 Bf8 60. Kf7 Bc5 61.
Ke6 Ba3 62. Bg6 Bc5 63. Be8 Bb4 64. Bc6 Bc5 65. Kf7 Bb4 66. Kg7 Be7 67. Kxh6 Kd6
68. Kg6 Bd8 69. Kf7 Be7 70. Ke8 1/2-1/2

[Event "39th Olympiad Women"]
[Site "Khanty-Mansiysk RUS"]
[Date "2010.09.29"]
[Round "8"]
[White "Tjolsen, Katrine"]
[Black "Yuan, Yuanling"]
[Result "0-1"]
[WhiteTitle "WIM"]
[BlackTitle "WIM"]
[WhiteElo "2259"]
[BlackElo "2189"]
[Board "29.1"]
[WhiteTeam "NOR"]
[BlackTeam "CAN"]
[WhiteFideId "1505793"]
[BlackFideId "8604541"]
[EventDate "2010.09.21"]
[EventType "team"]

1. g3 e5 2. c4 Nf6 3. Bg2 g6 4. Nc3 Bg7 5. e4 Nc6 6. Nge2 d6 7. O-O O-O 8. d3
Ne8 9. Nd5 a5 10. Be3 Nd4 11. Nxd4 exd4 12. Bd2 c6 13. Nf4 Nc7 14. h3 f5 15. Qe1
fxe4 16. dxe4 Ne6 17. Nxe6 Bxe6 18. b3 a4 19. f4 Qb6 20. Rb1 axb3 21. axb3 Kh8
22. Kh2 Ra2 23. Bb4 c5 24. Bd2 Qa6 25. Qe2 Qa3 26. Rf3 Re8 27. Qd3 b5 28. f5
Bxc4 29. bxc4 Qxd3 30. Rxd3 bxc4 31. Rf3 Rxd2 32. f6 Bh6 33. Ra3 Bg5 34. e5 dxe5
35. Rb7 Bxf6 36. Raa7 Re7 0-1

[Event "39th Olympiad Women"]
[Site "Khanty-Mansiysk RUS"]
[Date "2010.09.29"]
[Round "8"]
[White "Kagramanov, Dina"]
[Black "Bjerke, Silje"]
[Result "1/2-1/2"]
[WhiteTitle "WIM"]
[BlackTitle "WIM"]
[WhiteElo "2086"]
[BlackElo "2205"]
[Board "29.2"]
[WhiteTeam "CAN"]
[BlackTeam "NOR"]
[WhiteFideId "933953"]
[BlackFideId "1502786"]
[EventDate "2010.09.21"]
[EventType "team"]

1. e4 e5 2. Nf3 Nc6 3. Bc4 Nf6 4. d3 Bc5 5. c3 a6 6. Bg5 h6 7. Bh4 d6 8. h3 Ba7
9. Nbd2 Be6 10. Qe2 Qe7 11. Nf1 g5 12. Bg3 Nh5 13. Ne3 Nf4 14. Bxf4 gxf4 15. Nd5
Qd8 16. d4 exd4 17. Nxf4 dxc3 18. bxc3 Qf6 19. Nd5 Bxd5 20. exd5+ Ne7 21. O-O
O-O 22. Rae1 Ng6 23. Qd2 Qg7 24. Re4 Rae8 25. Rfe1 Ne5 26. Nxe5 Rxe5 27. Rg4 Rg5
28. Rxg5 Qxg5 29. Qd3 Kh8 30. Qf3 Rg8 31. Bd3 Qg3 32. Qf6+ Qg7 33. Qxg7+ Kxg7
34. Re7 Bb6 35. Kf1 Kf6 36. Re4 Rg5 37. Rf4+ Ke5 1/2-1/2

[Event "39th Olympiad Women"]
[Site "Khanty-Mansiysk RUS"]
[Date "2010.09.29"]
[Round "8"]
[White "Sahl, Sheila Barth"]
[Black "Orlova, Yelizaveta"]
[Result "1-0"]
[WhiteTitle "WIM"]
[WhiteElo "2175"]
[BlackElo "1917"]
[Board "29.3"]
[WhiteTeam "NOR"]
[BlackTeam "CAN"]
[WhiteFideId "1500953"]
[BlackFideId "2601826"]
[EventDate "2010.09.21"]
[EventType "team"]

1. e4 c5 2. Nf3 Nc6 3. d4 cxd4 4. Nxd4 Qb6 5. Be3 Qxb2 6. Nxc6 Qxa1 7. Bd4 Qxa2
8. Nc3 Qe6 9. Nxa7 Rxa7 10. Bxa7 Nf6 11. Qd4 Qd6 12. e5 Qxd4 13. Bxd4 Ng4 14.
Bb5 e6 15. O-O Be7 16. Na4 O-O 17. h3 Nh6 18. Nb6 d6 19. f4 Nf5 20. Bf2 dxe5 21.
fxe5 Bh4 22. Bxh4 Nxh4 23. Ra1 Nf5 24. Ra8 Ne7 25. Rb8 h6 26. c4 g6 27. Kf2 Kg7
28. Ke3 g5 29. Kd4 h5 30. Kc5 g4 31. hxg4 hxg4 32. Kd6 Nf5+ 33. Kc7 Ne3 34. Nxc8
Nxg2 35. Nd6 Nf4 36. Rxf8 Kxf8 37. Ne4 Nd3 38. Kd6 Kg7 39. c5 Nf4 40. Ba4 Kg6
41. Bc2 Kh5 42. Kc7 Kh4 43. Kxb7 g3 44. Nxg3 Kxg3 45. Be4 1-0

[Event "39th Olympiad Women"]
[Site "Khanty-Mansiysk RUS"]
[Date "2010.09.29"]
[Round "8"]
[White "Kagramanov, Dalia"]
[Black "Khachatourian, Yerazik"]
[Result "1-0"]
[WhiteElo "1866"]
[BlackElo "2025"]
[Board "29.4"]
[WhiteTeam "CAN"]
[BlackTeam "NOR"]
[WhiteFideId "2604728"]
[BlackFideId "12501948"]
[EventDate "2010.09.21"]
[EventType "team"]

1. e4 e5 2. Nf3 Nf6 3. d4 Nxe4 4. Nxe5 d6 5. Nf3 d5 6. Bd3 Be7 7. Qe2 O-O 8. O-O
Nd6 9. Nc3 c6 10. Nd1 Be6 11. c3 Nd7 12. Qc2 f5 13. Ne5 Rc8 14. Re1 c5 15. Nxd7
Qxd7 16. dxc5 Rxc5 17. Be3 Rc6 18. f3 Bf6 19. Qf2 a6 20. Bd4 Bxd4 21. Qxd4 f4
22. b3 Qf7 23. Nf2 Qf6 24. Qxf6 Rxf6 25. Rac1 h6 26. Re2 Bf5 27. Bxf5 Nxf5 28.
Ng4 Rfe6 29. Rxe6 Rxe6 30. Rd1 Ne3 31. Nxe3 fxe3 32. Re1 Kf7 33. Kf1 Kf6 34. Ke2
Kf5 35. g3 h5 36. Kd3 h4 37. Rxe3 hxg3 38. hxg3 Rg6 39. g4+ Kf4 40. Ke2 Rh6 41.
Re7 Rh2+ 42. Kd3 Kxf3 43. Rxb7 g5 44. c4 dxc4+ 45. bxc4 Rxa2 46. c5 Kxg4 47. c6
Ra5 48. Rb4+ Kf3 49. c7 Rc5 50. Rc4 Rxc7 51. Rxc7 g4 52. Rf7+ Kg2 53. Ke2 g3 54.
Rf5 Kh2 55. Kf3 a5 56. Rh5+ Kg1 57. Rxa5 1-0

[Event "39th Olympiad Women"]
[Site "Khanty-Mansiysk RUS"]
[Date "2010.09.29"]
[Round "8"]
[White "Tay, Li Jin Jeslin"]
[Black "Leite, Catarina"]
[Result "1-0"]
[WhiteTitle "WFM"]
[BlackTitle "WIM"]
[WhiteElo "2119"]
[BlackElo "2183"]
[Board "30.1"]
[WhiteTeam "SIN"]
[BlackTeam "POR"]
[WhiteFideId "5800927"]
[BlackFideId "1901222"]
[EventDate "2010.09.21"]
[EventType "team"]

1. d4 Nf6 2. c4 g6 3. Nc3 Bg7 4. e4 d6 5. h3 O-O 6. Bg5 c5 7. d5 a6 8. a4 Qa5 9.
Bd3 e6 10. Nf3 exd5 11. cxd5 Re8 12. O-O c4 13. Bc2 Nbd7 14. Bf4 Qb4 15. Qd2 Ne5
16. Nxe5 dxe5 17. Be3 Nd7 18. a5 Bf8 19. Ra4 Qd6 20. Rxc4 b5 21. axb6 Bb7 22.
Rc7 Rab8 23. Rxd7 Qxd7 24. Ba4 Qd6 25. Bxe8 Rxe8 26. Na4 f5 27. f3 Be7 28. Bc5
Qd7 29. Qa5 Bg5 30. Bf2 Bc8 31. Nc5 Qg7 32. Nxa6 fxe4 33. fxe4 Bf4 34. Nc5 Qh6
35. Qc3 Bd2 36. Qd3 Bb4 37. Qb5 Rf8 38. Qxb4 Bxh3 39. Ne6 Bxe6 40. dxe6 g5 41.
e7 1-0

[Event "39th Olympiad Women"]
[Site "Khanty-Mansiysk RUS"]
[Date "2010.09.29"]
[Round "8"]
[White "Coimbra, Margarida"]
[Black "Liu, Yang"]
[Result "1-0"]
[WhiteTitle "WFM"]
[BlackTitle "WFM"]
[WhiteElo "2090"]
[BlackElo "2083"]
[Board "30.2"]
[WhiteTeam "POR"]
[BlackTeam "SIN"]
[WhiteFideId "1901192"]
[BlackFideId "5800919"]
[EventDate "2010.09.21"]
[EventType "team"]

1. e4 c5 2. c3 d5 3. exd5 Qxd5 4. d4 Nf6 5. Nf3 e6 6. Be3 cxd4 7. cxd4 Nc6 8.
Nc3 Qd6 9. a3 Be7 10. Bd3 O-O 11. O-O Rd8 12. Qe2 Bd7 13. Rad1 Rac8 14. Rfe1 Be8
15. Bb1 g6 16. Ba2 Nd5 17. Ne4 Qc7 18. h4 Kh8 19. h5 Nf4 20. Bxf4 Qxf4 21. hxg6
hxg6 22. d5 exd5 23. Bxd5 b6 24. b4 Bf8 25. Neg5 Bg7 26. g3 Qf6 27. Qe4 Kg8 28.
Qh4 Ne7 29. Bb3 Rxd1 30. Rxd1 Nf5 31. Qf4 Rd8 32. Re1 Nd6 33. Qh4 Nf5 34. Qh7+
Kf8 35. Qh3 Qc3 36. Ba2 Qb2 37. Bb1 Qf6 38. Nh7+ 1-0

[Event "39th Olympiad Women"]
[Site "Khanty-Mansiysk RUS"]
[Date "2010.09.29"]
[Round "8"]
[White "Monteiro, Sara Cristina Da Silv"]
[Black "Lo, Yin Ling Melissa"]
[Result "0-1"]
[WhiteElo "1818"]
[BlackElo "1814"]
[Board "30.4"]
[WhiteTeam "POR"]
[BlackTeam "SIN"]
[WhiteFideId "1909860"]
[BlackFideId "5801001"]
[EventDate "2010.09.21"]
[EventType "team"]

1. d4 d5 2. c4 e6 3. Nc3 Nf6 4. Bg5 Be7 5. e3 h6 6. Bh4 O-O 7. Qc2 b6 8. Nf3 Bb7
9. cxd5 exd5 10. Bd3 Nbd7 11. O-O c5 12. b3 Rc8 13. Qb2 Ne4 14. Bxe7 Qxe7 15.
Rac1 Ndf6 16. Bb1 Rfd8 17. Ne2 Ba6 18. Rfe1 Ng4 19. Qa3 Bb5 20. Nc3 Bc6 21. Nxe4
dxe4 22. Ne5 Nxe5 23. dxe5 a5 24. Qb2 Re8 25. Rc4 Qxe5 26. Qc1 Re6 27. a3 Bd5
28. Rc3 Rec6 29. Rd1 Qe6 30. Qb2 b5 31. Rdc1 b4 32. R3c2 Bxb3 33. Rd2 c4 34. Qd4
f5 35. Qd7 Qxd7 36. Rxd7 bxa3 37. Ra7 a2 38. Bxa2 Bxa2 39. Rxa5 Bb3 40. Rxf5 Rd6
41. Kf1 Rd1+ 42. Rxd1 Bxd1 43. Ke1 Bc2 44. Kd2 Bd3 45. Kc3 Rb8 46. f3 Re8 47.
Kd4 g6 48. Rf4 g5 49. Rf6 Kg7 50. Rc6 exf3 51. gxf3 Rf8 52. e4 Rxf3 53. e5 Rf4+
54. Kc5 c3 55. Kd6 c2 56. e6 Rd4+ 57. Ke5 Re4+ 58. Kd6 Kf6 59. Kd5 Re5+ 60. Kd4
Rxe6 61. Rc5 Re1 62. Rc6+ Kf5 63. Rc5+ Kf4 64. h4 c1=Q 0-1

[Event "39th Olympiad Women"]
[Site "Khanty-Mansiysk RUS"]
[Date "2010.09.29"]
[Round "8"]
[White "Ramirez M., Eugenia"]
[Black "Mucha, Annegret"]
[Result "1/2-1/2"]
[BlackTitle "WCM"]
[WhiteElo "2031"]
[BlackElo "2005"]
[Board "31.2"]
[WhiteTeam "BOL"]
[BlackTeam "ISCA"]
[WhiteFideId "3301680"]
[BlackFideId "24622788"]
[EventDate "2010.09.21"]
[EventType "team"]

1. e4 c5 2. c3 d5 3. exd5 Qxd5 4. d4 Nf6 5. Nf3 Bg4 6. Be2 e6 7. Be3 cxd4 8.
Bxd4 Nc6 9. Qa4 Bh5 10. Nbd2 Be7 11. Bc4 Qa5 12. Qxa5 Nxa5 13. Bb5+ Kf8 14. Ne5
a6 15. Bd3 Rc8 16. Ne4 Nxe4 17. Bxe4 f5 18. Bc2 Nc6 19. Nxc6 Rxc6 20. f3 Kf7 21.
O-O-O Rd8 22. Rhe1 Bg5+ 23. Kb1 Rcd6 24. Bb3 Bg6 25. a4 Bf6 26. Bxf6 Rxd1+ 27.
Bxd1 f4+ 28. Bc2 Bxc2+ 29. Kxc2 Kxf6 30. b4 Rd5 31. Re4 g5 32. c4 Rd7 33. c5 Kf5
34. Rc4 h5 35. b5 axb5 36. axb5 g4 37. c6 bxc6 38. bxc6 Rc7 39. Kd3 gxf3 40.
gxf3 Ke5 41. Rc5+ Kd6 42. Kd4 h4 43. h3 Rc8 44. c7 e5+ 45. Rxe5 Rxc7 46. Rf5 Rg7
47. Ke4 Rg3 48. Kxf4 Rxh3 49. Kg4 Ke6 50. Rh5 Rg3+ 51. Kf4 Rh3 52. Rh6+ Kf7 53.
Rh5 Kg6 54. Rg5+ Kf6 55. Rg1 Rh2 56. Kg4 h3 57. Kg3 Rg2+ 58. Rxg2 hxg2 59. Kxg2
Kf5 60. Kg3 Kg5 61. f4+ Kf5 62. Kf3 Kf6 63. Ke4 Ke6 64. f5+ Kf6 65. Kf4 Kf7 66.
Kg4 Kf6 67. Kf4 Kf7 68. Kg5 Kg7 69. f6+ Kf7 70. Kf5 Kf8 71. Kg6 Kg8 72. Kf5 Kf7
73. Ke5 Kf8 74. Ke6 Ke8 75. f7+ Kf8 76. Kf6 1/2-1/2

[Event "39th Olympiad Women"]
[Site "Khanty-Mansiysk RUS"]
[Date "2010.09.29"]
[Round "8"]
[White "Ryvova, Anna"]
[Black "Luna, Raisa"]
[Result "0-1"]
[WhiteTitle "WFM"]
[BlackTitle "WFM"]
[WhiteElo "1981"]
[BlackElo "2030"]
[Board "31.3"]
[WhiteTeam "ISCA"]
[BlackTeam "BOL"]
[WhiteFideId "309931"]
[BlackFideId "3301508"]
[EventDate "2010.09.21"]
[EventType "team"]

1. e4 c5 2. Nc3 Nc6 3. g3 g6 4. Bg2 Bg7 5. d3 d6 6. Be3 e6 7. Qd2 Nd4 8. Nd1 Ne7
9. c3 Ndc6 10. Ne2 O-O 11. Bh6 d5 12. Bxg7 Kxg7 13. exd5 exd5 14. d4 c4 15. Ne3
Re8 16. O-O Qa5 17. Nf4 Bf5 18. Nxf5+ Nxf5 19. Nh5+ Kh8 20. Nf6 Re6 21. Nxd5
Ncxd4 22. b4 cxb3 23. axb3 Nxb3 24. Rxa5 Nxd2 25. Nc7 Nxf1 26. Bxf1 Rc8 27. Nxe6
fxe6 28. Rxa7 Nd6 29. Ra3 Kg7 30. Rb3 Kf6 31. Bg2 b5 32. Bf1 Rc5 33. f3 Ke5 34.
Kf2 Kd5 35. Ke3 Nc4+ 36. Kd3 Kc6 37. f4 Rd5+ 38. Ke2 Rd2+ 39. Kf3 Rxh2 40. Bxc4
bxc4 41. Rb8 Rc2 42. Rc8+ Kb5 43. Rb8+ Ka6 44. Ra8+ Kb6 45. Ra3 Rb2 46. Ra4 Kb5
47. Ra7 Rb3 48. Rxh7 Rxc3+ 49. Kg4 Rd3 50. Re7 Rd6 51. Rb7+ Rb6 52. Rc7 Rc6 53.
Rb7+ Kc5 54. Rb1 c3 55. Kg5 c2 56. Rc1 Kd4 57. Kxg6 e5+ 58. Kg7 exf4 59. g4 f3
60. g5 f2 61. g6 Kd3 62. Kh7 Rxg6 63. Kxg6 Kd2 64. Rf1 Ke2 65. Rc1 f1=Q 66.
Rxc2+ Kd3 67. Rc7 Qg1+ 68. Kf6 Qb6+ 0-1

[Event "39th Olympiad Women"]
[Site "Khanty-Mansiysk RUS"]
[Date "2010.09.29"]
[Round "8"]
[White "Solis, Gabriela"]
[Black "Gerasimova, Olga"]
[Result "1/2-1/2"]
[BlackTitle "WIM"]
[WhiteElo "1934"]
[BlackElo "2218"]
[Board "31.4"]
[WhiteTeam "BOL"]
[BlackTeam "ISCA"]
[WhiteFideId "3301338"]
[BlackFideId "24109622"]
[EventDate "2010.09.21"]
[EventType "team"]

1. d4 d5 2. c4 c6 3. cxd5 cxd5 4. Nc3 Nc6 5. Nf3 Bg4 6. e3 e6 7. Bb5 Bxf3 8.
Qxf3 a6 9. Bd3 Bd6 10. Bd2 b5 11. Rc1 Rc8 12. O-O Nge7 13. a4 b4 14. Ne2 a5 15.
b3 O-O 16. e4 dxe4 17. Qxe4 g6 18. Ba6 Rc7 19. Bg5 Qa8 20. Bc4 Nf5 21. Rfd1 Ng7
22. g4 Ne7 23. Qd3 Nd5 24. Qh3 f5 25. f3 Rcf7 26. Rf1 Ne8 27. Bh6 Ng7 28. Bg5
Be7 29. Bd2 h5 30. Bh6 Kh7 31. Bd2 Qb7 32. Bd3 Nf6 33. g5 Nd5 34. f4 Bd6 35. Qf3
Rc7 36. Bc4 Rd8 37. Rfd1 Nxf4 38. Qxb7 Nxe2+ 39. Bxe2 Rxb7 40. Bc4 e5 41. dxe5
Bxe5 42. Be3 Rbd7 43. Rxd7 Rxd7 44. Kg2 Ne8 45. Bb5 Re7 46. Bc5 Nd6 47. Rd1 Re6
48. Bd7 Re7 49. Bb5 Re6 50. Bd7 Re7 51. Bb5 1/2-1/2

[Event "39th Olympiad Women"]
[Site "Khanty-Mansiysk RUS"]
[Date "2010.09.29"]
[Round "8"]
[White "Smith, Olivia"]
[Black "Koskoska, Gabriela"]
[Result "1/2-1/2"]
[WhiteTitle "WFM"]
[BlackTitle "WIM"]
[WhiteElo "2002"]
[BlackElo "2142"]
[Board "32.1"]
[WhiteTeam "WLS"]
[BlackTeam "MKD"]
[WhiteFideId "411850"]
[BlackFideId "15000630"]
[EventDate "2010.09.21"]
[EventType "team"]

1. e4 c6 2. d4 d5 3. exd5 cxd5 4. c4 Nf6 5. Nc3 g6 6. Nf3 Bg7 7. Bg5 Ne4 8. cxd5
Nxg5 9. Nxg5 O-O 10. Nf3 Bg4 11. Be2 Qb6 12. Qd2 Rd8 13. O-O Nd7 14. Rad1 Rac8
15. Rfe1 a6 16. h3 Bxf3 17. Bxf3 Re8 18. Bg4 Rcd8 19. b3 Nf6 20. Bf3 Qd6 21. Ne4
Nxe4 22. Bxe4 Rc8 23. Rc1 Qb6 24. Rxc8 Rxc8 25. Rd1 Qc7 26. Bf3 b5 27. Re1 Qd6
28. Bg4 1/2-1/2

[Event "39th Olympiad Women"]
[Site "Khanty-Mansiysk RUS"]
[Date "2010.09.29"]
[Round "8"]
[White "Jonoska, Katerina"]
[Black "Blackburn, Suzie G."]
[Result "0-1"]
[BlackTitle "WFM"]
[WhiteElo "2012"]
[BlackElo "1939"]
[Board "32.2"]
[WhiteTeam "MKD"]
[BlackTeam "WLS"]
[WhiteFideId "15002551"]
[BlackFideId "414930"]
[EventDate "2010.09.21"]
[EventType "team"]

1. e4 e6 2. d4 d5 3. Nd2 Nf6 4. e5 Nfd7 5. Bd3 c5 6. c3 Nc6 7. Ngf3 Qb6 8. O-O
cxd4 9. cxd4 Nxd4 10. Nxd4 Qxd4 11. Nf3 Qb6 12. Qa4 Qb4 13. Qc2 Qc5 14. Qe2 Qb6
15. Be3 Bc5 16. Bd2 h6 17. b4 Be7 18. Rac1 O-O 19. Bb5 a6 20. Ba4 Qd8 21. Nd4 b5
22. Bc2 Re8 23. Qd3 Nf8 24. Qg3 Bh4 25. Qh3 Bd7 26. Bb1 Bg5 27. f4 Be7 28. Rf3
f5 29. Qh5 Kh7 30. g4 g6 31. Qh3 Rc8 32. Rxc8 Qxc8 33. a3 Qc4 34. Rd3 Bd8 35.
gxf5 exf5 36. Be3 Bb6 37. Qf1 Bxd4 38. Bxd4 Ne6 39. Be3 d4 40. Bd2 Bc6 41. Kf2
Be4 42. h4 Ng7 43. Qh3 Bxd3 44. Bxd3 Qe6 45. Ke2 Nh5 46. Kf2 Qa2 47. Ke1 Rf8 48.
Be2 Ng7 49. Qf3 Qb1+ 50. Kf2 Qe4 51. Qb3 Qh1 52. Qg3 Nh5 53. Bxh5 gxh5 54. Ke2
Rg8 55. Qe1 Rg1 0-1

[Event "39th Olympiad Women"]
[Site "Khanty-Mansiysk RUS"]
[Date "2010.09.29"]
[Round "8"]
[White "Roberts, Lynda"]
[Black "Bejatovic, Bojana"]
[Result "0-1"]
[WhiteElo "1999"]
[BlackElo "1891"]
[Board "32.3"]
[WhiteTeam "WLS"]
[BlackTeam "MKD"]
[WhiteFideId "1800191"]
[BlackFideId "15000141"]
[EventDate "2010.09.21"]
[EventType "team"]

1. f4 f5 2. Nf3 Nf6 3. g3 d6 4. Bg2 g6 5. d3 Bg7 6. c3 c6 7. O-O Nbd7 8. Qe1 O-O
9. Ng5 Nc5 10. d4 Nce4 11. Nd2 Nxd2 12. Qxd2 h6 13. Nf3 Kh7 14. Qc2 Be6 15. Nh4
Bd5 16. Bxd5 cxd5 17. h3 Ne4 18. Rf3 e5 19. Rd3 exf4 20. Bxf4 g5 21. Ng2 gxf4
22. Nxf4 Qa5 23. b4 Qb5 24. Rf1 Rac8 25. Rdf3 Rxc3 26. Rxc3 Bxd4+ 27. e3 Bxc3
28. Qg2 Be5 29. g4 fxg4 30. Rc1 Bxf4 31. exf4 Qb6+ 0-1

[Event "39th Olympiad Women"]
[Site "Khanty-Mansiysk RUS"]
[Date "2010.09.29"]
[Round "8"]
[White "Peng, Zhaoqin"]
[Black "Emad, Tania"]
[Result "1-0"]
[WhiteTitle "GM"]
[WhiteElo "2400"]
[BlackElo "1955"]
[Board "35.1"]
[WhiteTeam "NED"]
[BlackTeam "JOR"]
[WhiteFideId "1004786"]
[BlackFideId "8102007"]
[EventDate "2010.09.21"]
[EventType "team"]

1. Nf3 Nf6 2. c4 d6 3. d4 g6 4. Nc3 Bg7 5. Bg5 h6 6. Bh4 O-O 7. e3 c6 8. h3 d5
9. Rc1 Nbd7 10. Be2 Re8 11. O-O Qb6 12. Qc2 dxc4 13. Bxc4 Kf8 14. a3 e5 15. Rfe1
Qc7 16. Ba2 exd4 17. exd4 Nb6 18. Nb5 Rxe1+ 19. Rxe1 Qd8 20. Qc5+ Kg8 21. Nd6
Be6 22. Bxe6 fxe6 23. Nxb7 Qd7 24. Na5 Rc8 25. Ne5 Qd5 26. Nxg6 Qxc5 27. dxc5
Nbd5 28. b4 Rc7 29. Bg3 Rc8 30. Bd6 Ne8 31. Ne5 Bxe5 32. Bxe5 Kf7 33. g4 Nef6
34. Kg2 Ne7 35. Nc4 Ne8 36. Re3 Nd5 37. Rf3+ Ke7 38. Bg3 Nef6 39. Bh4 Rf8 40.
Kf1 Rc8 41. Nd6 Rf8 42. Ne4 Rf7 43. Nxf6 Nxf6 44. Rxf6 Rxf6 45. f4 Kf7 46. Bxf6
Kxf6 47. Ke2 a6 48. Ke3 Kg6 49. Ke4 Kf6 50. h4 Kf7 51. Ke5 Ke7 52. g5 hxg5 53.
fxg5 1-0